000 00245nam a2200097Ia 4500
005 20251222114414.0
008 251222s1900||||xx |||||||||||||| ||spa||
082 _aDVD0070/H39/2007
245 4 _aThe lives of others:La vida de los otros
942 _cDVD
999 _c2136
_d2136